Managing the professional service firm (Record no. 91707)
[ view plain ]
| 000 -LEADER | |
|---|---|
| fixed length control field | 00723cam a2200217 4500 |
| 008 - FIXED-LENGTH DATA ELEMENTS--GENERAL INFORMATION | |
| fixed length control field | 090401t1993 xxu||||| |||| 00| 0 eng d |
| 020 ## - INTERNATIONAL STANDARD BOOK NUMBER | |
| International Standard Book Number | 0029197821 |
| 035 ## - SYSTEM CONTROL NUMBER | |
| System control number | (Sirsi) u45412 |
| 041 0# - LANGUAGE CODE | |
| Language code of text/sound track or separate title | eng |
| 050 04 - LIBRARY OF CONGRESS CALL NUMBER | |
| Classification number | 658.91 $2 18 |
| 100 1# - MAIN ENTRY--PERSONAL NAME | |
| Personal name | Maister, David H. |
| 245 00 - TITLE STATEMENT | |
| Title | Managing the professional service firm |
| 260 ## - PUBLICATION, DISTRIBUTION, ETC. | |
| Place of publication, distribution, etc. | New York |
| Name of publisher, distributor, etc. | Free Press |
| Date of publication, distribution, etc. | 1993 |
| 300 ## - PHYSICAL DESCRIPTION | |
| Extent | xvi, 376p. |
| Dimensions | 24cm. |
| 350 ## - PRICE (NR) (BK AM CF MU VM SE) [OBSOLETE] | |
| Price | 29.95 |
| 520 ## - SUMMARY, ETC. | |
| Summary, etc. | Considers the managerial problems of professional services firms and the importance of developing their client relationships and their stock of skill, talent, knowledge and ability. |
| 651 #4 - SUBJECT ADDED ENTRY--GEOGRAPHIC NAME | |
| Geographic name | UNITED STATES |
| 690 ## - LOCAL SUBJECT ADDED ENTRY--TOPICAL TERM (OCLC, RLIN) | |
| Topical term or geographic name as entry element | MANAGEMENT-BUSINESS MANAGEMENT |
| 942 ## - ADDED ENTRY ELEMENTS (KOHA) | |
| Suppress in OPAC | 0 |
| 948 ## - LOCAL PROCESSING INFORMATION (OCLC); SERIES PART DESIGNATOR (RLIN) | |
| c (OCLC) | 04/03/1997 |
| Withdrawn status | Lost status | Damaged status | Not for loan | Home library | Current library | Shelving location | Date acquired | Cost, normal purchase price | Total Checkouts | Full call number | Barcode | Date last seen | Date last checked out | Copy number | Cost, replacement price | Price effective from | Koha item type | Source of classification or shelving scheme |
|---|---|---|---|---|---|---|---|---|---|---|---|---|---|---|---|---|---|---|
| Missing | London | London | Missing | 16/09/1994 | 25.45 | 16 | 658.91 MAI | 30042533 | 06/08/2019 | 15/05/2008 | 1 | 25.45 | 06/08/2019 | Book | ||||
| London | London | Books | 26/11/2003 | 14.99 | 14 | 658.91 MAI | 30068842 | 06/08/2019 | 05/01/2010 | 2 | 14.99 | 06/08/2019 | Book | Dewey Decimal Classification |